Výročná správa o činnosti sociálnej poisťovne v roku 1999
Skrátená verzia výročnej správy Sociálnej poisťovne. Činnosť samosprávnych orgánov. Výkonné orgány - riadiaca, organizačná a personálna práca, kontrolná činnosť, legislatívna činnosť a vonkajšie vzťahy. Sociálne zabezpečenie. Financovanie a hospodárenie. Informačný systém.
Salvato in:
| Natura: | Capitolo di libro |
|---|---|
| Lingua: | slovacco |
| Soggetti: | |
| Tags: |
Nessun Tag, puoi essere il primo ad aggiungerne!!
|
MARC
| LEADER | 00000naa a2200000 4500 | ||
|---|---|---|---|
| 001 | r038906 | ||
| 005 | 20230925072340.5 | ||
| 041 | 0 | |a slo | |
| 044 | |a SK | ||
| 245 | 1 | 0 | |a Výročná správa o činnosti sociálnej poisťovne v roku 1999 |
| 520 | |a Skrátená verzia výročnej správy Sociálnej poisťovne. Činnosť samosprávnych orgánov. Výkonné orgány - riadiaca, organizačná a personálna práca, kontrolná činnosť, legislatívna činnosť a vonkajšie vzťahy. Sociálne zabezpečenie. Financovanie a hospodárenie. Informačný systém. | ||
| 610 | 2 | 0 | |a poisťovne sociálne |
| 610 | 2 | 0 | |a správy výročné |
| 610 | 2 | 0 | |a Sociálna poisťovňa, a.s. Bratislava |
| 610 | 2 | 0 | |a Slovensko |
| 610 | 2 | 0 | |a zabezpečenie sociálne |
| 610 | 2 | 0 | |a 1999 |